| 000 | 00540nam a2200169Ia 4500 | ||
|---|---|---|---|
| 999 |
_c10546 _d10546 |
||
| 003 | OSt | ||
| 005 | 20191216141110.0 | ||
| 008 | 190216s9999||||xx |||||||||||||| ||und|| | ||
| 040 | _coclc | ||
| 082 |
_a338.5 _bDHI/S |
||
| 100 |
_aDhingra, Ishwar C _9494 |
||
| 245 | 0 |
_aSelf Assessment And Objective Type Practical Exercises In Micro Economics With Solutions / _cI C Dhingra |
|
| 260 |
_bSulthan Chand&Sons, _aNew Delhi: |
||
| 300 | _a116 p | ||
| 650 | _aEconomics | ||
| 942 |
_cBK _2ddc _h338.5 _iDHI/S _k338.5 _mDHI/S |
||